000 00504nam a2200181Ia 4500
008 240925s9999 xx 000 0 und d
020 _a9780071074087
082 _a303.4834 CAV
100 _aCavanagh, Allison
245 0 _aSociology in the Age of the Internet
250 _aNA
260 _aNew Delhi:
_bMcGraw Hill Education (India) Private Limited
_c,2010.
300 _a381p.
_b0
_fOriginal
500 _aIncludes Index
600 _aSocial Sciences
650 _aSocial Sciences
942 _cBK
999 _c16489
_d16489